Pokémon - Les attaques de Judokrak - Statistiques

Statistiques générales
  • Ce quiz a été pris 28 fois
  • Le résultat moyen est 6 sur 13
Statistiques - réponses
Niveaux Types Noms des attaques % Correct
Niveau 25 Combat Gonflette
72%
Niveau 10 Combat Projection
61%
Départ Normal Groz'Yeux
56%
Niveau 55 Combat Surpuissance
56%
Niveau 15 Roche Garde Large
50%
Niveau 20 Combat Vendetta
50%
Niveau 50 Combat Contre
44%
Niveau 30 Combat Yama Arashi
44%
Niveau 5 Normal Puissance
39%
Niveau 40 Combat Frappe Atlas
33%
Départ Normal Étreinte
22%
Niveau 35 Combat Corps Perdu
17%
Niveau 45 Normal Ténacité
11%
Aucun quiz correspondant
Distribution des résultats
% des personnes avec chaque résultat
Percentile par nombre de réponses
Votre historique - résultats
Vous n’avez pas pris ce quiz